000 00604nam a22001937a 4500
003 NUST - PNEC
005 20170116180957.0
008 150912b xxu||||| |||| 00| 0 eng d
020 _a0387174583
020 _a3540174583
020 _a0387174583
040 _cLIBRARY
082 _a621.31244094681 CAS
100 _99330
_aCasal, F. G.
245 _aSolar thermal power plants : achievements and lessons learned exemplified by the SSPS Project in Almerica/Spain
_cF. G. Casal, P. Kesselring, and C. J. Winter
260 _cc.1987
650 _99334
_aSolar power plants
_xEE
942 _2ddc
_cBK
999 _c66588
_d66588